00954nam a22002417a 4500999001700000003000900017008004100026040007100067082001700138100002800155245003900183260002000222300002800242505018000270650002600450650003100476650003300507650002400540650001500564942001600579945002000595952009700615 c18797d18797AR-CdUCM190515b ||||| |||| 00| 0 spa d aMUNICIPALIDAD PROVINCIAL DEL CUSCOcBIBLIOTECA MUNICIPAL DEL CUSCO a348.6 /bR92 aRueda Sanchez, Gregorio aManual de legislación laboral /  aLima :bRaigal, a661 páginas ;c22 cm. aContenido: Contratos de trabajo -- Jornada de trabajo -- Dia del trabajo -- Feriados no laborales -- Salario dominical y descanso semanal obligatorio -- Libro de planillas ... aDerecho laboral95297 aRelaciones laborales97470 aTrabajo y trabajadores99211 aLegislación92962 aPerú935 2ddccLIBROS aacvd2019-05-15 002ddc4070aSHbSHcCARTd2019-05-15g25.00o348.6 / R92pSH0000013711r2019-05-15yLIBROS